[Event "HUN-chT 9798"]
[Site "Hungary"]
[Date "1998.??.??"]
[Round "?"]
[White "Kocsis, Laszlo"]
[Black "Sapi, Laszlo"]
[Result "1/2-1/2"]
[WhiteElo "2130"]
[BlackElo "2280"]

1.Nf3 Nf6 2.c4 c5 3.Nc3 e6 4.g3 d5 5.cxd5 Nxd5 6.Bg2 Nc6 7.O-O Be7 8.d4 cxd4
9.Nxd5 exd5 10.Nxd4 O-O 11.Be3 Be6 12.Rc1 Nxd4 13.Bxd4 Qa5 14.a3 Rac8 15.Bc3 Qb5
16.Qd2 Rfd8 17.Rfd1 b6 18.Be5 f6 19.Bc7 Rd7 20.Bf4 Rc5 21.Be3 Rc4 22.Bd4 Rdc7
23.Rc3 Bc5 24.Bxc5 Qxc5 25.Re3 Rc2 26.Qd3 Bf7 27.b4 Qd6 28.Bxd5 Bxd5 29.Qxd5+ Qxd5
30.Rxd5 Kf7 31.Kg2 Re7 32.Kf3 Rxe3+ 33.Kxe3 Ke6 34.Rd2 Rc4 35.Kd3 Rc1 36.Kd4 g5
37.f4 gxf4 38.gxf4 Kf5 39.Ke3 Ra1 40.Rd3 h5 41.Kf3 Rf1+ 42.Kg3 Rg1+ 43.Kf3 Rf1+
44.Kg3 Rg1+  1/2-1/2

[Event "HUN-chT 9798"]
[Site "Hungary"]
[Date "1998.??.??"]
[Round "?"]
[White "Horvath, Jozsef"]
[Black "Korpics, Zsolt"]
[Result "1-0"]
[WhiteElo "2535"]
[BlackElo "2310"]

1.Nf3 Nf6 2.c4 e6 3.Nc3 c5 4.g3 b6 5.Bg2 Bb7 6.O-O Be7 7.Re1 O-O 8.e4 d6
9.d4 cxd4 10.Nxd4 Qc8 11.Be3 Nc6 12.Rc1 Ne5 13.b3 Nfg4 14.Bf4 g5 15.Bxe5 dxe5
16.Nd5 Bd8 17.Qxg4 exd4 18.Nb4 e5 19.Qh5 Qe6 20.Nd3 f6 21.Bh3 Qf7 22.Qh6 Be7
23.Nxe5 Qg7 24.Be6+ Kh8 25.Qxg7+ Kxg7 26.Nd3 Ba3 27.Rb1 a5 28.Bd5 Bxd5 29.exd5 Rfe8
30.Kg2 Kf7 31.Rxe8 Rxe8 32.Re1 Rxe1 33.Nxe1 g4 34.Kf1 f5 35.Ke2 Bc5 36.Kd3 Kf6
37.Nc2 Ke5 38.a3 b5 39.cxb5 Kxd5 40.b4 axb4 41.Nxb4+ Kd6 42.Kc4 d3 43.Nxd3 Bxa3
44.Kb3  1-0

[Event "HUN-chT 9798"]
[Site "Hungary"]
[Date "1998.??.??"]
[Round "?"]
[White "Kocsis, Janos"]
[Black "Kovacs, Adrian"]
[Result "1-0"]
[WhiteElo "2250"]
[BlackElo "2180"]

1.c4 c5 2.Nf3 Nf6 3.Nc3 b6 4.g3 Bb7 5.Bg2 g6 6.O-O Bg7 7.d4 cxd4 8.Qxd4 d6
9.b3 Nc6 10.Qh4 h6 11.Qf4 g5 12.Qf5 e6 13.Qb1 Qe7 14.Bb2 g4 15.Nh4 Nd4 16.Qd3 Bxg2
17.Kxg2 Nh5 18.Qe4 Rc8 19.Qxg4 Qg5 20.Qe4 f5 21.Qb7 O-O 22.e3 Nc6 23.Qd7 Qf6
24.Na4 e5 25.Rad1 f4 26.Rxd6 Rfd8 27.Qxc8 Qxd6 28.Qg4 Nf6 29.Qxg7+ Kxg7 30.Nf5+ Kg6
31.Nxd6 Rxd6 32.exf4 exf4 33.gxf4 Nh5 34.Be5 Rd2 35.Nc3 Kf5 36.Rd1 Rc2 37.Nb5 Nxf4+
38.Bxf4 Kxf4 39.Rd6 Ne5 40.Nxa7 Rxa2 41.Nc8 Ng4 42.Rd4+ Kg5 43.Nxb6 Nxf2
44.Kf3 h5 45.c5 Ng4 46.Rd5+ Kh4 47.Rd4 Kh3 48.Ke4 Kxh2 49.c6 Ra7 50.Rd7 Nf6+
51.Kf5 Nxd7 52.cxd7 Rxd7 53.Nxd7 Kg3 54.Ne5  1-0

[Event "HUN-chT 9798"]
[Site "Hungary"]
[Date "1998.??.??"]
[Round "?"]
[White "Kocsis, Janos"]
[Black "Nagy, Andras"]
[Result "1/2-1/2"]
[WhiteElo "2250"]
[BlackElo "2140"]

1.c4 c5 2.Nf3 Nf6 3.Nc3 b6 4.g3 Bb7 5.Bg2 g6 6.O-O Bg7 7.d4 cxd4 8.Qxd4 O-O
9.Qh4 Qc8 10.Rd1 d6 11.Bg5 Re8 12.Rac1 Na6 13.Nd5 Nxd5 14.cxd5 Qd7 15.b3 e5
16.dxe6 Qxe6 17.Nd4 Qd7 18.Bf6 Bxg2 19.Kxg2 Qb7+ 20.f3 Bf8 21.Kf2 Nc5 22.Qf4 Qa6
23.Rc2 Ne6 24.Nxe6 Rxe6 25.Ba1 Rae8 26.Rdd2 d5 27.Kf1 Bc5 28.Qa4 Qb7 29.Bd4 b5
30.Qa5 Bxd4 31.Rxd4 a6 32.Qd2 Re5 33.Qd1 Qd7 34.Kg2 Rh5 35.g4 Rhe5 36.Rcd2 Qe6
37.Kf2 f5 38.gxf5 Rxf5 39.R2d3 Rh5 40.h4 Qh3 41.Rg4 Qh2+ 42.Ke1 Rxh4 43.Rxh4 Qxh4+
44.Kd2 Rc8 45.Rxd5 Qf4+ 46.e3 Qh2+ 47.Ke1 Re8 48.Qe2 Qg1+ 49.Kd2 Rc8 50.Kd3 Qb1+
51.Kd4 Qa1+ 52.Ke4 Qb1+ 53.Kf4 Rf8+ 54.Kg3 Qg1+ 55.Kh3 Re8 56.e4 Rf8 57.Rd1 Qg5
58.Rd5 Qg1  1/2-1/2

[Event "Ikaria op"]
[Site "Ikaria"]
[Date "1998.??.??"]
[Round "8"]
[White "Papaioannou, Ioannis"]
[Black "Gelashvili, Tamaz"]
[Result "1-0"]
[WhiteElo "2490"]
[BlackElo "2445"]

1.Nf3 c5 2.c4 Nf6 3.Nc3 b6 4.e4 d6 5.d4 cxd4 6.Nxd4 Bb7 7.Bd3 a6 8.O-O e6
9.f4 Be7 10.f5 e5 11.Nc2 h6 12.Be3 Nbd7 13.b4 Rc8 14.a4 O-O 15.Qf3 a5 16.b5 Qc7
17.g3 Nc5 18.Bxc5 Qxc5+ 19.Kg2 Nd7 20.h4 Rfd8 21.Rac1 Kf8 22.Rfd1 Ke8 23.Ne3 Qa3
24.Ned5 Bxd5 25.Nxd5 Qc5 26.Rb1 Nf6 27.Be2 Nxd5 28.Rxd5 Qc7 29.Kh3 Bf6 30.Qe3 Be7
31.g4 f6 32.Qb3 Kf8 33.Rbd1 Qb8 34.g5 fxg5 35.c5 dxc5 36.Rxd8+ Bxd8 37.Qe6 g4+
38.Kh2  1-0

[Event "Heart of Finland op"]
[Site "Jyvaskyla"]
[Date "1998.??.??"]
[Round "?"]
[White "Fridman, Daniel"]
[Black "Tsiganova, Monika"]
[Result "1-0"]
[WhiteElo "2520"]
[BlackElo "2305"]

1.Nf3 Nf6 2.c4 c5 3.Nc3 e6 4.g3 b6 5.Bg2 Bb7 6.O-O Be7 7.Re1 O-O 8.e4 d6
9.d4 cxd4 10.Nxd4 Qc7 11.Ndb5 Bc6 12.Bf4 Rd8 13.Rc1 h6 14.Qe2 Bf8 15.Red1 Ne8
16.Bh3 a6 17.Nd4 Qc8 18.Nd5 Nd7 19.Nxe6 fxe6 20.Bxe6+ Kh8 21.Qh5 Nef6 22.Nxf6 Nxf6
23.Bxc8 Raxc8 24.Qf3 Nxe4 25.Qb3 Nc5 26.Qxb6 Bf3 27.Rd2 Rb8 28.Qa5 Be7 29.b4 Ne6
30.Re1 Nxf4 31.Rxe7 Re8 32.Re3 Nh3+ 33.Kf1 Ng5 34.Rxd6 Rf8 35.Rd4 Bb7 36.f4 Nf3
37.Rd7 Nxh2+ 38.Kg1 Ng4 39.Ree7 Bc6 40.Rd6 Bf3 41.Qa3  1-0

[Event "Kassel op"]
[Site "Kassel"]
[Date "1998.??.??"]
[Round "3"]
[White "Kuenitz, Klaus"]
[Black "Majer, Damir"]
[Result "1-0"]
[WhiteElo "2125"]
[BlackElo "2285"]

1.Nf3 Nf6 2.c4 c5 3.Nc3 g6 4.e4 d6 5.d4 cxd4 6.Nxd4 Bg7 7.Be2 Nc6 8.Be3 O-O
9.f3 Qb6 10.Nxc6 Qxe3 11.Nxe7+ Kh8 12.Qd2 Qc5 13.Ncd5 Nxd5 14.Nxd5 Be6 15.b4 Qc6
16.Rc1 a5 17.a3 axb4 18.axb4 Bxd5 19.exd5 Qb6 20.c5 dxc5 21.bxc5 Qb3 22.O-O Ra2
23.Qd3 Qb2 24.Rfe1 Re8 25.Kf1 Bh6 26.Rb1 Qe5 27.Qe4 Qb8 28.Rxb7 Qa8 29.Re7 Rxe7
30.Qxe7 Qxd5 31.Rd1 Rd2 32.Rb1 Kg7 33.Rb8 Bf4 34.Qf8+ Kf6 35.Re8 Rc2 36.Qe7+ Kg7
37.g3 Rc1+ 38.Kg2  1-0

[Event "Kassel op"]
[Site "Kassel"]
[Date "1998.??.??"]
[Round "7"]
[White "Kohlei, Rolf"]
[Black "Hankel, Dennis"]
[Result "1/2-1/2"]
[WhiteElo "2035"]
[BlackElo "2195"]

1.Nf3 Nf6 2.c4 c5 3.Nc3 e6 4.d4 cxd4 5.Nxd4 b6 6.Ndb5 d6 7.e4 a6 8.Na3 Bb7
9.Bd3 Nbd7 10.Qe2 Be7 11.O-O O-O 12.b3  1/2-1/2

[Event "Independence Cup op"]
[Site "Kiev"]
[Date "1998.??.??"]
[Round "11"]
[White "Nikolaev, Leonid"]
[Black "Nogin, Nikolai"]
[Result "1-0"]
[WhiteElo "2280"]
[BlackElo "2320"]

1.Nf3 Nf6 2.c4 e6 3.Nc3 c5 4.g3 b6 5.Bg2 Bb7 6.O-O Be7 7.Re1 O-O 8.e4 d6
9.d4 cxd4 10.Nxd4 Qc8 11.Be3 Nbd7 12.f4 a6 13.Rc1 Ra7 14.Bf2 Qb8 15.g4 Rc8
16.g5 Ne8 17.Qg4 Nf8 18.b3 Ba8 19.f5 e5 20.Nc2 Nd7 21.f6 Bf8 22.fxg7 Bxg7
23.Ne3 Nc5 24.Rcd1 Bc6 25.Nf5 Ne6 26.Nd5 Bxd5 27.exd5 Nf4 28.Be4 Rac7 29.Kh1 b5
30.c5 Rxc5 31.Ne7+ Kf8 32.Nxc8 Rxc8 33.Rc1 Rxc1 34.Rxc1 b4 35.Qd7  1-0

[Event "Kiev-ch"]
[Site "Kiev"]
[Date "1998.??.??"]
[Round "11"]
[White "Maliszewski, K."]
[Black "Sarana, Oksana"]
[Result "0-1"]
[WhiteElo "2350"]
[BlackElo "2220"]

1.c4 Nf6 2.Nc3 c5 3.Nf3 d5 4.cxd5 Nxd5 5.g3 Nc6 6.Bg2 Nc7 7.O-O e5 8.d3 Be7
9.Be3 O-O 10.Rc1 Be6 11.b3 f6 12.Nd2 Qd7 13.Na4 b6 14.Nc3 Rad8 15.f4 exf4
16.Bxf4 Nd5 17.Nxd5 Bxd5 18.Ne4 f5 19.Nc3 Bxg2 20.Kxg2 Bf6 21.Qe1 Rfe8 22.Qf2 Bd4
23.e3 Bf6 24.e4 Nb4 25.Qf3 Nxd3 26.Nd5 fxe4 27.Nxf6+ gxf6 28.Qh5 Nxc1 29.Bxc1 e3
30.Rf5 e2 31.Bb2 Qxf5 32.Qxf5 e1=Q 33.Bxf6 Rd2+ 34.Kh3 Qe6  0-1

[Event "MK Cafe Cup-B"]
[Site "Koszalin"]
[Date "1998.??.??"]
[Round "3"]
[White "Lopusiewicz, Piotr"]
[Black "Zawadzki, Stanislaw"]
[Result "1/2-1/2"]
[WhiteElo "2115"]
[BlackElo "2245"]

1.Nf3 Nf6 2.c4 c5 3.Nc3 g6 4.d4 cxd4 5.Nxd4 Bg7 6.e4 Nc6 7.Nc2 O-O 8.Be2 d6
9.O-O Bd7 10.Be3 Ne5 11.f3 Rc8 12.b3 Qa5 13.Qd2 Rfe8 14.Rac1 a6 15.a4 Nc6
16.Nd5 Nxd5 17.exd5 Bc3 18.Qd1 Nd8 19.Nd4 e5 20.dxe6 Nxe6 21.Nxe6 Rxe6 22.Bf2 Rce8
23.Bd3 Bc6 24.Qc2 Bg7 25.c5 dxc5 26.Qxc5 Qd2 27.Rcd1 Qf4 28.Bc4 Re5 29.Qb6 Rg5
30.Bg3 Qf6 31.Rfe1 Rxe1+ 32.Rxe1 Bf8 33.Qc7 Rf5 34.Bf2 h5 35.Rd1 Rg5 36.Kf1 Bc5
37.Qd8+ Qxd8 38.Rxd8+ Kg7 39.Bxc5 Rxc5  1/2-1/2

[Event "RUS-Cup"]
[Site "Krasnodar"]
[Date "1998.??.??"]
[Round "3"]
[White "Zangiev, Pavel"]
[Black "Rakov, V."]
[Result "1-0"]
[WhiteElo "2315"]
[BlackElo "2240"]

1.Nf3 c5 2.c4 Nf6 3.Nc3 e6 4.g3 b6 5.Bg2 Bb7 6.O-O Be7 7.d4 cxd4 8.Qxd4 d6
9.Rd1 a6 10.Ng5 Bxg2 11.Kxg2 Nc6 12.Qf4 Qc7 13.b3 Ne5 14.Nce4 Qc6 15.Kg1 h6
16.Nxf6+ gxf6 17.Nf3 b5 18.cxb5 axb5 19.Nd4 Qd7 20.Bb2 h5 21.Nf3 Ng6 22.Qe4 d5
23.Qd3 h4 24.e4 hxg3 25.hxg3 Rh5 26.Nd4 dxe4 27.Qxe4 Rd5 28.Re1 Ne5 29.Nf3 Nd3
30.Reb1 f5 31.Qe2 Bc5 32.Rf1 Qd6 33.Kh2 f4 34.g4 Nxb2 35.Qxb2 Bd4 36.Qe2 Bxa1
37.Rxa1 b4 38.Qe4 Ke7 39.Qh7 Qc5 40.Kg2 Qc3 41.Re1 Rxa2 42.Qe4 Qc5 43.Rf1 Rd1
44.Ne5 Rd5 45.Nf3 Qd6 46.Qh7 Raa5 47.Qh4+ Ke8 48.Qh8+ Qf8 49.Qf6 Qg8 50.Qxf4 Rab5
51.Ra1 Rd8 52.Ra7 f5 53.g5 e5 54.Qxf5 Rbd5 55.Qf6 R5d7 56.Ra5 Re7 57.Nxe5 Rd6
58.Ra8+ Rd8 59.Qc6+ Rd7 60.Nxd7  1-0

[Event "RUS-Cup"]
[Site "Krasnodar"]
[Date "1998.??.??"]
[Round "8"]
[White "Rustemov, Alexander"]
[Black "Ulibin, Mikhail"]
[Result "1/2-1/2"]
[WhiteElo "2575"]
[BlackElo "2575"]

1.Nf3 c5 2.c4 Nf6 3.Nc3 e6 4.g3 b6 5.Bg2 Bb7 6.O-O Be7 7.Re1 d6 8.e4 a6 9.d4 cxd4
10.Nxd4 Qc7 11.Be3 O-O 12.Rc1 Re8 13.g4 Bf8 14.g5 Nfd7 15.b3 Nc6 16.Nde2 Rac8
17.f4  1/2-1/2

[Event "RUS-Cup"]
[Site "Krasnoiarsk"]
[Date "1998.??.??"]
[Round "4"]
[White "Ivanov, Timur"]
[Black "Shariyazdanov, Andrey"]
[Result "0-1"]
[WhiteElo "2380"]
[BlackElo "2495"]

1.Nf3 c5 2.c4 Nf6 3.Nc3 e6 4.g3 b6 5.Bg2 Bb7 6.O-O Be7 7.Re1 Ne4 8.Qc2 Nxc3
9.dxc3 d6 10.Bf4 Nc6 11.Rad1 Qc7 12.e4 Ne5 13.Nxe5 dxe5 14.Qa4+ Bc6 15.Bxe5 Bxa4
16.Bxc7 Bxd1 17.Rxd1 Rc8 18.Bf4 Rd8 19.Rxd8+ Kxd8 20.Kf1 g5 21.Be3 h5 22.h3 Kd7
23.Ke1 Bf6 24.Bf3 h4 25.g4 Rg8 26.Bd1 Be5 27.Bc2 Ke7 28.Ke2 Kf6 29.Bd3 Bh2
30.a4 Ke5 31.f3 Bf4 32.Bg1 Rd8 33.b3 Kd6 34.Bf2 Re8 35.Kd1 f5 36.Ke2 fxg4
37.fxg4 Rf8 38.Bg1 Rf7 39.Bc2 Kc6 40.Bd3 Rf8 41.Bc2 Be5 42.Be3 Bf4 43.Bg1 Rf6
44.Bd3 Rf7 45.Bc2 Rf8 46.Bd3 a6 47.Bc2 b5 48.cxb5+ axb5 49.axb5+ Kxb5 50.Bd3+ Kc6
51.Bc4 Rd8 52.b4 Rd2+ 53.Ke1 cxb4 54.cxb4 Kd6 55.b5 Rc2 56.Be2 Ke5 57.b6 Kxe4
58.Kf1 Be3  0-1

[Event "RUS-Cup"]
[Site "Krasnoiarsk"]
[Date "1998.??.??"]
[Round "5"]
[White "Lependin, V."]
[Black "Driamin, Dmitrij"]
[Result "1-0"]
[WhiteElo "2395"]
[BlackElo "2230"]

1.Nf3 c5 2.c4 Nf6 3.Nc3 b6 4.g3 Bb7 5.Bg2 e6 6.O-O Be7 7.b3 d6 8.Bb2 O-O
9.d4 cxd4 10.Nxd4 Bxg2 11.Kxg2 a6 12.e3 Ra7 13.Qf3 Qc8 14.Rac1 Rc7 15.Rfd1 Nbd7
16.Qe2 Qb7+ 17.Qf3 Qc8 18.Kg1 Rd8 19.Qe2 Qb7 20.Qf3 Qc8 21.Qg2 Bf8 22.g4 h6
23.h4 g6 24.f4 Qa8 25.g5 Nh5 26.Qxa8 Rxa8 27.Kg2 Nc5 28.Nde2 Rb8 29.Nd4 Rbc8
30.Rc2 Bg7 31.Rcd2 Bf8 32.Kf3 f5 33.gxf6 Kf7 34.Rg2 Rd7 35.b4 Nb7 36.Na4 Rxc4
37.Nxb6 Rdc7 38.Nxc4 Rxc4 39.a3 e5 40.Rc2 e4+ 41.Kxe4  1-0

[Event "RUS-ch sf"]
[Site "Kstovo"]
[Date "1998.??.??"]
[Round "4"]
[White "Skomorokhin, Roman"]
[Black "Voitsekhovsky, Stanislav"]
[Result "0-1"]
[WhiteElo "2480"]
[BlackElo "2540"]

1.Nf3 c5 2.c4 Nf6 3.Nc3 b6 4.g3 Bb7 5.Bg2 e6 6.O-O Be7 7.Re1 a6 8.e4 d6 9.d4 cxd4
10.Nxd4 Qc7 11.Be3 O-O 12.Rc1 Nbd7 13.f4 Rac8 14.g4 Nc5 15.Bf2 g6 16.b4 Ncd7
17.g5 Nh5 18.Be3 Qd8 19.Bh3 Ng7 20.Qe2 Rc7 21.Red1 Qa8 22.f5 e5 23.f6 exd4
24.fxe7 Re8 25.Bxd4 Rxe7 26.Nd5 Bxd5 27.cxd5 Rxc1 28.Rxc1 Nh5 29.Qg4 Qe8
30.Rc7 Rxe4 31.Qxd7 Qxd7 32.Rxd7 Rxd4 33.Rxd6 Nf4 34.Bc8 Nxd5 35.Bxa6 Rg4+
36.Kf2 Nxb4 37.Rxb6  0-1

[Event "RUS-ch sf"]
[Site "Kstovo"]
[Date "1998.??.??"]
[Round "6"]
[White "Korobov, Ilya"]
[Black "Osokin, Alexei"]
[Result "0-1"]
[WhiteElo "2395"]
[BlackElo "2330"]

1.c4 Nf6 2.Nc3 e6 3.Nf3 c5 4.g3 d5 5.cxd5 exd5 6.d4 Nc6 7.Bg2 Be7 8.O-O O-O
9.Bg5 cxd4 10.Nxd4 h6 11.Be3 Be6 12.Nxc6 bxc6 13.Na4 Qa5 14.Rc1 Rac8 15.Bc5 Bxc5
16.Rxc5 Qa6 17.b4 Nd7 18.Ra5 Qc4 19.Qd2 c5 20.Nxc5 Nxc5 21.bxc5 Rxc5 22.Rxa7 d4
23.Rd1 Rd8 24.Be4 Bg4 25.Bd3 Qe6 26.Qf4 Bh5 27.Rb1 Bg6 28.Bxg6 Qxg6 29.Rb8 Rxb8
30.Qxb8+ Kh7 31.Re7 Qc6 32.f3 d3 33.Qf4 dxe2 34.Rxe2 Qd5 35.Rd2 Qe6 36.Kg2 Re5
37.a4 Re2+ 38.Rxe2 Qxe2+ 39.Kg1 Qe1+ 40.Kg2 Qe2+ 41.Kh3 Qf1+ 42.Kg4 h5+ 43.Kh4 Qf2
44.h3 Qc2 45.Qe4+ Kh6 46.Qf4+ Kh7 47.Kxh5 Qc5+ 48.Kg4 Kg6 49.h4  0-1

[Event "La Coruna op"]
[Site "La Coruna"]
[Date "1998.??.??"]
[Round "?"]
[White "Salgado Lopez, Oscar"]
[Black "Cubero, Rodrigo"]
[Result "0-1"]
[WhiteElo "2130"]
[BlackElo "2145"]

1.c4 Nf6 2.Nc3 c5 3.Nf3 g6 4.g3 Bg7 5.Bg2 O-O 6.O-O Nc6 7.d4 cxd4 8.Nxd4 Nxd4
9.Qxd4 d6 10.Qd2 a6 11.b3 Rb8 12.a4 Be6 13.Bb2 Qb6 14.Qc2 Rfc8 15.e4 Qc7
16.Qe2 Qb6 17.Qc2 Qc7 18.Qd3 Ng4 19.Rab1 Ne5 20.Qe2 Nxc4 21.bxc4 Bxc4 22.Qg4 Bxc3
23.Rfc1 Bxb2 24.Rxb2 Be6 25.Rxc7 Bxg4 26.Rxc8+ Bxc8 27.a5 Kf8 28.Bf1 Ra8
29.Bc4 e6 30.g4 Ra7 31.g5 Bd7 32.f3 Bc6 33.Kf2 Ra8 34.Ke3 Kg7 35.Rd2 Rd8
36.e5 d5 37.Be2 h6 38.h4 Rc8 39.Rc2 hxg5 40.hxg5 Kf8 41.Kd4 Ke7 42.Bd3 Kd7
43.Rh2 Bb5 44.Bxb5+ axb5 45.Rb2 Rc4+ 46.Kd3 b4 47.Ra2 Rc3+ 48.Kd4 Ra3 49.Rb2 Rxf3
50.Kc5 Kc7 51.Kxb4 Rf5 52.Kb5 Rxe5 53.Rc2+ Kb8 54.Kb6 d4 55.Rh2 Kc8 56.Rh8+ Kd7
57.Rb8 d3 58.Rxb7+ Kd6 59.Rb8 Rd5 60.a6 d2 61.Rd8+ Ke5 62.Rxd5+ exd5 63.a7 d1=Q
64.a8=Q Qg1+ 65.Kc6 Qc1+ 66.Kd7 Qxg5 67.Qe8+ Kf4 68.Kd6 Qf6+ 69.Kc5 d4 70.Qa4 Qe5+
71.Kc4 f5 72.Qd1 Qe3 73.Qf1+ Kg3 74.Qh1 d3 75.Qh7 g5 76.Kc3 d2+ 77.Kc2 Qe1
78.Qc7+ f4 79.Qc3+ f3  0-1

[Event "VfB op 5th"]
[Site "Leipzig"]
[Date "1998.??.??"]
[Round "9"]
[White "Ksieski, Zbigniew"]
[Black "Henneberger, Sven"]
[Result "1-0"]
[WhiteElo "2410"]
[BlackElo "2145"]

1.Nf3 Nf6 2.c4 c5 3.Nc3 d5 4.cxd5 Nxd5 5.e3 Nc6 6.Bc4 e6 7.O-O Be7 8.d4 Nb6
9.Bd3 O-O 10.a3 cxd4 11.exd4 Nd5 12.Qc2 h6 13.Rd1 Bf6 14.Bh7+ Kh8 15.Be4 Qd6
16.Qe2 Nce7 17.Bc2 Nxc3 18.bxc3 Qd5 19.Rb1 a6 20.a4 Re8 21.Ne5 Bxe5 22.dxe5 Qc5
23.Rb4 Ng6 24.Bxg6 fxg6 25.Rg4 Rf8 26.Rxg6 Kh7 27.Rg3 Rf5 28.Re3 b5 29.g4 Rf8
30.Rh3 Bb7 31.Qc2+ Kg8 32.Rxh6 gxh6 33.Qg6+ Kh8 34.Qxh6+ Kg8 35.Qg5+ Kh8
36.Qh4+ Kg8 37.Rd7 Qxf2+ 38.Qxf2 Rxf2 39.Kxf2 Bd5 40.axb5 axb5 41.Bf4 Ra4
42.Kg3 Rc4 43.Bd2 Re4 44.h4 Rxe5 45.h5 Re2 46.Bg5 Be4 47.Bf6 Rg2+ 48.Kf4 Bc2
49.Bd4 Re2 50.Be3 Bb1 51.Re7 Rc2 52.Bd4 Re2 53.g5 Kf8 54.Bc5 Kg8 55.g6  1-0

[Event "BEL-ch"]
[Site "Liege"]
[Date "1998.??.??"]
[Round "2"]
[White "Vandevoort, Pascal"]
[Black "Claesen, Pieter"]
[Result "0-1"]
[WhiteElo "2295"]
[BlackElo "2430"]

1.c4 Nf6 2.Nf3 c5 3.Nc3 d5 4.cxd5 Nxd5 5.d4 cxd4 6.Qxd4 Nxc3 7.Qxc3 Nc6 8.e4 e6
9.Bb5 Bd7 10.O-O Qb6 11.a4 Qc5 12.Qd3 Qd6 13.Qe2 Be7 14.Bd2 O-O 15.e5 Qc7
16.Bd3 a5 17.Rfc1 Qd8 18.Rd1 Qb8 19.Bg5 Rd8 20.Bxe7 Nxe7 21.Bxh7+ Kxh7 22.Ng5+ Kg8
23.Qh5 Ng6 24.Ra3 Be8 25.Re1 Rd4 26.Qh7+ Kf8 27.Rf3 Qxe5  0-1

[Event "Ljubljana op"]
[Site "Ljubljana"]
[Date "1998.??.??"]
[Round "8"]
[White "Tratar, Marko"]
[Black "Ftacnik, Lubomir"]
[Result "1/2-1/2"]
[WhiteElo "2420"]
[BlackElo "2580"]

1.Nf3 Nf6 2.c4 c5 3.Nc3 d5 4.cxd5 Nxd5 5.e4 Nxc3 6.dxc3 Qxd1+ 7.Kxd1 Nc6
8.Bf4 f6 9.Nd2 Bd7 10.a4 O-O-O 11.a5 e5 12.Be3 Be6 13.f3 Be7 14.Kc2 Kc7 15.b3 Rd7
16.Bc4 Bxc4 17.Nxc4 Rhd8 18.Bc1 Rf8 19.Ne3 Kb8 20.Nd5 Bd8 21.a6 b6 22.Be3 Ne7
23.Rhd1 Nxd5 24.Rxd5 Rff7 25.Rad1 Kc7 26.b4 Rxd5 27.Rxd5 cxb4 28.cxb4 Kc8
29.Kb3 g5 30.Rd1 Rd7 31.Rxd7 Kxd7 32.Kc4 Kc6 33.b5+ Kd6 34.g4 Ke6 35.Bf2 Bc7
36.h4 Bd8 37.hxg5 fxg5 38.Be3 h6 39.Bf2 Bc7 40.Be1 Bd6 41.Bf2  1/2-1/2

[Event "Southern California op"]
[Site "Los Angeles"]
[Date "1998.??.??"]
[Round "2"]
[White "Shaked, Tal"]
[Black "Gonzales, Jayson"]
[Result "0-1"]
[WhiteElo "2490"]
[BlackElo "2345"]

1.c4 c5 2.Nf3 Nf6 3.Nc3 b6 4.d4 cxd4 5.Nxd4 Bb7 6.f3 e6 7.e4 d6 8.Be2 a6
9.O-O Nbd7 10.Be3 Be7 11.a4 O-O 12.a5 Qc7 13.Nb3 Rab8 14.Qd2 Rfe8 15.Rfc1 bxa5
16.Nxa5 Ba8 17.Na2 Rbc8 18.b4 Qb8 19.Rab1 d5 20.c5 dxe4 21.Bxa6 exf3 22.Bxc8 Rxc8
23.c6 Ne5 24.c7 Rxc7 25.Rxc7 Qxc7 26.Rc1 Qb8 27.Qc3 Qb5 28.Qc8+ Bf8 29.Bc5 Nfd7
30.Bxf8 Nxf8 31.Nc3 Qd3 32.Qc5 Qd2  0-1

[Event "Malmo"]
[Site "Malmo"]
[Date "1998.??.??"]
[Round "5"]
[White "Almstrom, Martin"]
[Black "Wisniewski, Adrian"]
[Result "0-1"]
[WhiteElo "2195"]
[BlackElo "2165"]

1.Nf3 Nf6 2.c4 c5 3.Nc3 b6 4.g3 Bb7 5.Bg2 e6 6.O-O Be7 7.Re1 Ne4 8.Nxe4 Bxe4
9.d3 Bb7 10.e4 O-O 11.d4 cxd4 12.Nxd4 d6 13.Be3 a6 14.Rc1 Nd7 15.b3 Rc8 16.Qe2 Re8
17.f4 Qc7 18.b4 Qb8 19.a3 Bf8 20.Nb3 Qa8 21.Bd4 e5 22.fxe5 dxe5 23.Bf2 a5
24.Bh3 Rcd8 25.Rcd1 Bc8 26.Bxd7 Rxd7 27.Bxb6 axb4 28.Rxd7 Bxd7 29.axb4 Bxb4
30.Ra1 Qc6 31.Bf2 Be6 32.Rc1 Rc8 33.Nd2 Bxd2 34.Qxd2 Qxe4 35.Qe1 Qc6 36.Be3 Bxc4
37.Qc3 Qe4 38.Kf2 h5 39.h4 Be6 40.Qd2 Ra8 41.Rc2 Bd5  0-1

[Event "Miercurea Ciuc op"]
[Site "Miercurea Ciuc"]
[Date "1998.??.??"]
[Round "2"]
[White "Schmid, Siegfried"]
[Black "Cioara, Andrei Nestor"]
[Result "1/2-1/2"]
[WhiteElo "2225"]
[BlackElo "2390"]

1.c4 Nf6 2.Nc3 e6 3.Nf3 c5 4.e3 d5 5.d4 Nc6 6.Be2 Be7 7.O-O O-O 8.a3 dxc4
9.dxc5 Na5 10.Nd2 Qc7 11.Nxc4 Nxc4 12.Bxc4 Qxc5 13.Qe2 Bd7 14.b4 Qb6 15.Bb2 a5
16.b5 a4 17.Rfd1 Rfc8 18.Rac1 Be8 19.h3 Qa5 20.g4 Rc5 21.Bd3 Rac8 22.Qc2 Ra8
23.Qd2 h5 24.f3 Rac8 25.Ne4 Qxd2 26.Nxd2 hxg4 27.hxg4 Rxc1 28.Bxc1 Nd5 29.Ne4 g6
30.Kf2 f5 31.Ng3 Nc3 32.Rh1 Nxb5 33.Bb2 Nc3 34.Ne2 Bh4+ 35.Kg2 Nxe2 36.Rxh4 Nc3
37.Rh1 Bd7 38.Rc1 Nd5 39.Rxc8+ Bxc8 40.Kf2 Bd7 41.gxf5 gxf5 42.Bc4 Nb6 43.Bd3 Kf7
44.e4 fxe4 45.fxe4 Ke7 46.Be5 Bc6 47.Ke3 Nd7 48.Bc3 Kd6 49.Bb4+ Nc5 50.Kd4 e5+
51.Ke3 Be8 52.Bc3 Bf7 53.Bb4 Kc6 54.Bc3 Nd7 55.Bc2 b5 56.Bd3 Bc4 57.Bc2 Kd6
58.Bb4+ Ke6 59.Bd1 Nb8 60.Bg4+ Kf6 61.Bc8 Nc6 62.Bc3 b4 63.axb4 a3 64.Bb7 Nd4
65.Bd5 Bxd5 66.exd5 Ke7 67.Ke4 Kd6 68.Ba1  1/2-1/2

[Event "RUS-Cup02"]
[Site "Moscow"]
[Date "1998.??.??"]
[Round "1"]
[White "Gorbatow, Alexej"]
[Black "Konotop, Sergei"]
[Result "1-0"]
[WhiteElo "2435"]
[BlackElo "2175"]

1.Nf3 Nf6 2.c4 g6 3.Nc3 c5 4.d4 cxd4 5.Nxd4 d6 6.g3 Nc6 7.Nc2 Bg7 8.Bg2 O-O
9.O-O a6 10.b3 Qc7 11.Bb2 b6 12.Nd5 Nxd5 13.Bxg7 Kxg7 14.cxd5 Ne5 15.Rc1 b5
16.Qd4 Qa7 17.f4 Qxd4+ 18.Nxd4 Ng4 19.Rc7 Re8 20.Rfc1 Nf6 21.e4 Nd7 22.Nc6 Kf8
23.Na7 Nb6 24.R1c6 Rb8 25.Nxc8 Rexc8 26.Rxb6  1-0

[Event "Moscow-ch op"]
[Site "Moscow"]
[Date "1998.??.??"]
[Round "6"]
[White "Frog, Ilya"]
[Black "Dragomarezkij, Evgeni"]
[Result "0-1"]
[WhiteElo "2430"]
[BlackElo "2490"]

1.c4 c5 2.Nf3 Nf6 3.Nc3 e6 4.e3 Be7 5.d4 cxd4 6.exd4 d5 7.Bg5 O-O 8.cxd5 Nxd5
9.Bxe7 Nxe7 10.Bd3 Nd7 11.O-O Nf6 12.Qe2 Bd7 13.Ne5 Bc6 14.Rad1 Qb6 15.Nc4 Qc7
16.Qe5 Qd7 17.Qg3 Rfd8 18.Rfe1 Rac8 19.Qh4 Ned5 20.Re5 h6 21.Ne4 Nxe4 22.Rxe4 Nf6
23.Re3 Bb5 24.b3 Bxc4 25.bxc4 Qa4 26.Rde1 Qxa2 27.h3 Qb2 28.d5 exd5 29.Rb1 Qd2
30.Rxb7 dxc4 31.Bf5 Qd1+ 32.Kh2 Qd6+ 33.Rg3 Rc5 34.Bc2 Nh5 35.Qe4 f5 36.Qh4 Nxg3
37.fxg3 Rd7 38.Rb1 Qe5 39.Rf1 Rf7 40.Rf4 g5  0-1

[Event "RUS-Cup02"]
[Site "Moscow"]
[Date "1998.??.??"]
[Round "8"]
[White "Anisheva, Varvara"]
[Black "Manakova, Maria"]
[Result "0-1"]
[WhiteElo "2190"]
[BlackElo "2315"]

1.Nf3 c5 2.c4 Nf6 3.Nc3 e6 4.g3 b6 5.Bg2 Bb7 6.O-O Be7 7.Re1 d5 8.cxd5 exd5
9.d4 O-O 10.Bf4 Nc6 11.h4 Ne4 12.e3 h6 13.h5 Nxc3 14.bxc3 Qd7 15.Nh2 Rad8
16.Bf3 Ba6 17.Bg4 Qb7 18.Bf5 Bd6 19.Qg4 Bxf4 20.gxf4 Ne7  0-1

[Event "Moscow-ch op"]
[Site "Moscow"]
[Date "1998.??.??"]
[Round "8"]
[White "Sambuev, Bator"]
[Black "Novichkov, Vadim"]
[Result "1/2-1/2"]
[WhiteElo "2365"]
[BlackElo "2415"]

1.Nf3 c5 2.c4 Nf6 3.Nc3 d5 4.cxd5 Nxd5 5.g3 Nc6 6.Bg2 Nc7 7.O-O e5 8.d3 Be7
9.Be3 O-O 10.Rc1 Be6 11.a3 b6 12.b4 cxb4 13.axb4 Nxb4 14.Nxe5 Ncd5 15.Nxd5 Bxd5
16.Bd2 Bxg2 17.Kxg2 Qd5+ 18.Nf3 Rfd8 19.Bxb4 Bxb4 20.Qa4 a5 21.Rc6 b5 22.Qc2 Bf8
23.Rd1 b4 24.Qa4 Rdb8 25.Ra1 b3 26.Rc4 Ra7 27.Rd4 Qa8 28.Rb1 b2 29.Qa2 a4
30.Rxb2 Rxb2 31.Qxb2 a3 32.Qa2 Rb7 33.Rf4 Bd6 34.Rf5 g6 35.Rf6 Be5 36.Rc6 Rb2
37.Qd5 Bg7 38.Qc4 Bf8 39.Rc7 Qe8 40.Ng5 Rb4 41.Qa2 Rb2 42.Qc4 Rb4 43.Qa2 Rb2  1/2-1/2

[Event "Goldberg mem"]
[Site "Moscow"]
[Date "1998.??.??"]
[Round "10"]
[White "Sambuev, Bator"]
[Black "Naer, Eugeni"]
[Result "0-1"]
[WhiteElo "2365"]
[BlackElo "2455"]

1.Nf3 Nf6 2.c4 c5 3.Nc3 d5 4.cxd5 Nxd5 5.g3 Nc6 6.Bg2 Nc7 7.O-O e5 8.d3 Be7
9.Be3 O-O 10.Rc1 Be6 11.Qa4 Bd7 12.a3 b6 13.Qd1 Rc8 14.Nd2 Kh8 15.Nc4 Be8
16.Bxc6 Bxc6 17.Nxe5 Ba8 18.Qa4 Bf6 19.Nf3 a5 20.b4 Bxc3 21.Rxc3 Nd5 22.Rcc1 Qe7
23.Qc2 axb4 24.axb4 Nxb4  0-1

[Event "EU-ch U18"]
[Site "Murek"]
[Date "1998.??.??"]
[Round "1"]
[White "Kotanjian, Tigran"]
[Black "Halkias, Stelios"]
[Result "0-1"]
[WhiteElo "2215"]
[BlackElo "2435"]

1.c4 Nf6 2.Nc3 c5 3.Nf3 b6 4.e4 d6 5.d3 Bb7 6.g3 g6 7.Bg2 Bg7 8.O-O O-O 9.h3 Nc6
10.Be3 Rc8 11.Qd2 Ne8 12.Nh4 Nd4 13.Rae1 e6 14.f4 f5 15.Nf3 Nc7 16.Bf2 Qd7
17.Nxd4 cxd4 18.Ne2 e5 19.exf5 Bxg2 20.Kxg2 gxf5 21.Ng1 Qc6+ 22.Kh2 Ne6 23.Qe2 Rce8
24.Qf3 Qxf3 25.Nxf3 Nc5 26.Rd1 e4 27.dxe4 fxe4 28.Nxd4 e3 29.Kg2 exf2 30.Rxf2 Re4
31.Nb5 Re3 32.Rxd6 Ne4 33.Rf3 Nxd6  0-1